000 00584pam a2200217 a 4500
005 20260322212012.0
008 data
010 _a 82022173
020 _a0896380653 (pbk.) :
_c{dollar}7.95
020 _a9780896380653 (pbk.) :
_c{dollar}7.95
040 _aDLC
_cDLC
_dDLC
050 0 0 _aBF637.H83
_bK4 1983
082 0 0 _a158/.2
_219
092 _a158.2 K4 1983
100 1 _aKeating, Kathleen,
_d1938-
245 1 4 _aThe hug therapy book /
_cKathleen Keating.
260 _aMinneapolis :
_bCompCare,
_cc1983.
300 _a[70] p. :
_bill. ;
_c16 cm.
650 0 _aHugging.
001 data
999 _c247
_d247